000 00627nam a2200241Ia 4500
003 OSt
005 20220918193110.0
006 a|||||r|||| 00| 0
007 ta
008 220917b |||||||| |||| 00| 0 eng d
024 _a71,809
037 _cTextual
040 _aARTS
_cARTS
_beng
041 _2eng
_aeng
082 _aR3xM95, N21
100 _aKrishnamurti J
_917012
245 0 _aEnding of time
260 _aMadras
_bKrishnamurti Fundation
_c1992
300 _a268p.
_ccm.
700 _a Bohm D
_981024
942 _hR3xM95, N21
_cTEXL
_2CC
999 _c197881
_d197881